Maryland and its natural resources, (Record no. 24158)

MARC details
000 -LEADER
fixed length control field 01248cam a22003131 4500
001 - CONTROL NUMBER
control field gs 05000190
003 - CONTROL NUMBER IDENTIFIER
control field DLC
005 - DATE AND TIME OF LATEST TRANSACTION
control field 20260227111300.0
007 - PHYSICAL DESCRIPTION FIXED FIELD--GENERAL INFORMATION
fixed length control field cr_|||||||||||
007 - PHYSICAL DESCRIPTION FIXED FIELD--GENERAL INFORMATION
fixed length control field cr_|||||||||||
008 - FIXED-LENGTH DATA ELEMENTS--GENERAL INFORMATION
fixed length control field 791205s1901 mduab 000 0 eng c
010 ## - LIBRARY OF CONGRESS CONTROL NUMBER
LC control number gs 05000190
035 ## - SYSTEM CONTROL NUMBER
System control number (OCoLC)5764751
040 ## - CATALOGING SOURCE
Original cataloging agency Library. U. S. Geol. survey
Transcribing agency ScU
Modifying agency ScU
-- DLC
042 ## - AUTHENTICATION CODE
Authentication code premarc
050 00 - LIBRARY OF CONGRESS CALL NUMBER
Classification number F181
Item number .M29
110 2# - MAIN ENTRY--CORPORATE NAME
Corporate name or jurisdiction name as entry element Maryland Geological Survey
245 00 - TITLE STATEMENT
Title Maryland and its natural resources,
Statement of responsibility, etc. prepared by the Maryland Geological survey. Wm. Bullock Clark, state geologist.
260 ## - PUBLICATION, DISTRIBUTION, ETC.
Place of publication, distribution, etc. Baltimore,
Date of publication, distribution, etc. 1901.
300 ## - PHYSICAL DESCRIPTION
Extent 38 p.
Other physical details illus., fold. map.
Dimensions 23 cm.
500 ## - GENERAL NOTE
General note At head of title: Official publication of the Maryland commissioners Pan-American exposition.
530 ## - ADDITIONAL PHYSICAL FORM AVAILABLE NOTE
Additional physical form available note Also available in digital form on the Internet Archive Web site.
530 ## - ADDITIONAL PHYSICAL FORM AVAILABLE NOTE
Additional physical form available note Also available in digital form on the Internet Archive Web site.
651 #0 - SUBJECT ADDED ENTRY--GEOGRAPHIC NAME
Geographic name Maryland
General subdivision Description and travel.
710 1# - ADDED ENTRY--CORPORATE NAME
Corporate name or jurisdiction name as entry element Maryland.
Subordinate unit Commissioners to the Pan-American exposition.
710 1# - ADDED ENTRY--CORPORATE NAME
Corporate name or jurisdiction name as entry element Buffalo (N.Y.).
Subordinate unit Pan-American Exposition, 1901.
856 41 - ELECTRONIC LOCATION AND ACCESS
Uniform Resource Identifier <a href="http://hdl.loc.gov/loc.gdc/scd0001.00143137077">http://hdl.loc.gov/loc.gdc/scd0001.00143137077</a>
856 41 - ELECTRONIC LOCATION AND ACCESS
Uniform Resource Identifier <a href="http://hdl.loc.gov/loc.gdc/scd0001.00143137119">http://hdl.loc.gov/loc.gdc/scd0001.00143137119</a>

No items available.

Powered by Koha